000 01227nam2a22002291 4500
001 rc\4125776
005 20250611002115.0
035 _a(NLR Aleph) 007983325
090 _a8533364
_c8533364
100 _a20130415d1946 |||y0rusy50 ca
101 0 _arus
102 _aRU
105 _aa z |||||
200 0 _a5
210 _d1946
_aБ. м.
215 _a8 с.
_cил.
461 0 _1001rc\4125771
_12001#$aНовости технологии$eПереводы. Рефераты. Обзоры$e1-$fМ-во авиац. промышленности СССР. Науч.-исслед. ин-т технологии и организации производства [авиац. промышленности (НИАТ)]$v5
_98533338
_cМосква
_d1947
_fМ-во авиац. промышленности СССР. Науч.-исслед. ин-т технологии и организации производства [авиац. промышленности (НИАТ)]
_nтиполит. НИИ Оргавиапром
_oПереводы. Рефераты. Обзоры : 1-
_tНовости технологии
_v5
801 0 _aRU
_bNLR
_gpsbo
801 1 _aRU
_bELAR
_2rusmarc
852 _aNLR
_jТ92 Г-6/53
942 _cBOOK
980 _aNB